| Tag |
First Indicator |
Second Indicator |
Subfields |
| LEADER |
00000cam a2200000 4500 |
| 001 |
in00000329421 |
| 005 |
20151011051244.0 |
| 008 |
740708s1951 enka b 00000 eng |
| 010 |
|
|
|a 51006453
|
| 035 |
|
|
|a (OCoLC)00938499
|
| 035 |
|
|
|9 ABK7581AM
|
| 040 |
|
|
|c WPG
|d TXA
|d UtOrBLW
|
| 049 |
|
|
|a TXAM
|c [379961]
|
| 050 |
|
0 |
|a QC411
|b .C3
|
| 082 |
0 |
|
|a 535.4
|
| 100 |
1 |
|
|a Candler, Chris.
|
| 245 |
1 |
0 |
|a Modern interferometers.
|
| 264 |
|
1 |
|a [London] :
|b Hilger & Watts,
|c 1951.
|
| 300 |
|
|
|a 502 pages :
|b illustrations ;
|c 24 cm.
|
| 336 |
|
|
|a text
|b txt
|2 rdacontent
|
| 337 |
|
|
|a unmediated
|b n
|2 rdamedia
|
| 338 |
|
|
|a volume
|b nc
|2 rdacarrier
|
| 504 |
|
|
|a Includes bibliographies.
|
| 650 |
|
0 |
|a Interferometers.
|
| 999 |
|
|
|a MARS
|
| 999 |
f |
f |
|s 4b9f6eb6-bee4-352e-912e-2d85e37a44ea
|i 85d3baa3-b925-3510-bc01-598f3cc5ea6c
|t 0
|
| 952 |
f |
f |
|p normal
|a Texas A&M University
|b College Station
|c Sterling C. Evans Library
|d Evans: Library Stacks
|t 0
|e QC411 .C3
|h Library of Congress classification
|i unmediated -- volume
|m A14804624918
|
| 998 |
f |
f |
|a QC411 .C3
|t 0
|l Evans: Library Stacks
|